| 000 | 00893nam a22001817a 4500 | ||
|---|---|---|---|
| 003 | OSt | ||
| 005 | 20160620105939.0 | ||
| 008 | 140214b2012 els spa | ||
| 040 | _cBMC | ||
| 100 | 1 |
_934231 _aPimentel Jaco, Mario Alejandro |
|
| 245 | 1 | 0 |
_aPasantía de asistente del intendente del área de servicios generales de la Central Geotermica de Ahuachapán _b: Informe final _cMario Alejandro Pimentel Jaco |
| 260 |
_aSanta Ana (El Salvador) _bUniversidad Católica de El Salvador _c2012 |
||
| 300 |
_a1 v. (pág. var.) _c27 cm _e+ 1 disco compacto |
||
| 500 | _aPrecede al tít.: Universidad Católica de El Salvador, Facultad de Ciencias Empresariales | ||
| 502 | _aTrabajo de graduación para optar al grado académico de Licenciatura en Administración de Empresas | ||
| 710 | 2 |
_91067 _aUniversidad Católica de El Salvador _bFacultad de Ciencias Empresariales |
|
| 942 |
_2ddc _cTG |
||
| 999 |
_c20803 _d20803 |
||